000
00290nam a2200109Ia 4500
008
180205s9999 xx 000 0 und d
020
_a
9710800868
100
_a
Sicat, Gerardo P.
245
_a
Economics /
260
_a
Mandaluyong City
_b
National book store
_c
1983
300
_a
vii, 892 pages
999
_c
354883
_d
354883